[Event "Tourn. n10030"]
[Site "www.echecsemail.com"]
[Date "2019.02.16"]
[Round "1"]
[White "Bojan"]
[Black "Louis"]
[WhiteElo "2030"]
[BlackElo "2090"]
[Result "1-0"]
[Round "1"]
1.e4 c5
2.Ng1f3 d6
3.d4 cxd4
4.Nf3xd4 a6
5.Nb1c3 e5
6.Nd4f3 Ng8f6
7.Bf1d3 Bf8e7
8.h3 O-O
9.Nf3h2 Bc8e6
10.Qd1f3 d5
11.Bc1g5 dxe4
12.Nc3xe4 Nf6d7
13.Bg5e3 f5
14.Ne4c3 Qd8c8
15.Qf3e2 Nb8c6
16.Qe2d1 b5
17.a3 b4
18.axb4 Nc6xb4
19.Bd3e2 f4
20.Be3d2 Nd7c5
21.Nh2f3 e4
22.Nf3d4 Rf8d8
23.Nd4xe6 Qc8xe6
24.Be2g4 Qe6e5
25.Qd1c1 Nc5d3
26.cxd3 Nb4xd3
27.Ke2 Nd3xc1
28.Rh1xc1 Qe5b5
29.Nc3xb5 Be7g5
30.Ke1 axb5
31.Ra1xa8 Rd8xa8
32.Bg4e6 Kf8
33.Rc1c5 Ra8a1
34.Ke2 f3
35.gxf3 exf3
36.Kd3 Bg5xd2
37.Kxd2 Ra1f1
38.Ke3 Rf1e1
39.Kxf3 Re1xe6
40.Rc5xb5 Re6f6
41.Kg3 Rf6g6
42.Kf4 Rg6h6
43.Kg3 Rh6g6
44.Kh2 Rg6f6
45.Kg2 Rf6g6
46.Kf1 Rg6h6
47.Rb5b3 Rh6h5
48.f4 Rh5h4
49.Rb3f3 Rh4h5
50.Rf3b3 Rh5f5
51.Rb3b4 g5
52.Kg2 Rf5xf4
53.Rb4xf4 gxf4
54.Kf3 Kf7
55.Kxf4 Ke6
56.Kg5 Ke5
57.Kh6 Kd4
58.Kxh7 Kc4
59.h4 Kb3
60.h5 Kxb2
61.Kg6 Kc3
62.h6 Kd4
63.h7 Kd5
64.h8Q Ke4
65.Qh8d8 Ke5
66.Qd8d7 Kf4
67.Qd7e6 Kg3
68.Qe6e4 Kf2
69.Qe4d3 Ke1
70.Qd3c2 Kf1
71.Kg5 Ke1
72.Kf4 Kf1
73.Kf3 { resign }
1-0

[Event "Match"]
[Site "www.echecsemail.com"]
[Date "2019.02.16"]
[Round "1"]
[White "Tbsundar"]
[Black "Estonia"]
[WhiteElo "2110"]
[BlackElo "2020"]
[Result "1/2-1/2"]
[Round "1"]
1.d4 Ng8f6
2.c4 e6
3.e3 d5
4.Ng1f3 c5
5.Nb1d2 Nb8c6
6.b3 cxd4
7.exd4 Bf8b4
8.cxd5 Nf6xd5
9.Bf1b5 Bc8d7
10.O-O a6
11.Bb5c4 O-O
12.Nd2e4 b5
13.Bc4d3 Ra8c8
14.Bc1g5 Qd8c7
15.Ra1c1 Qc7a7
16.Ne4c5 Bb4xc5
17.dxc5 h6
18.Bg5d2 Nd5f6
19.Qd1e2 Nc6e7
20.b4 Ne7c6
21.Bd2c3 Nf6d5
22.Qe2e4 f5
23.Qe4h4 Nd5xc3
24.Rc1xc3 e5
25.Bd3c2 e4
26.Nf3d2 Bd7e6
27.Bc2b3 Be6xb3
28.Nd2xb3 Qa7e7
29.Qh4xe7 Nc6xe7
30.Nb3d4 Ne7d5
31.Rc3b3 Rf8f6
32.a3 f4
33.Rf1e1 e3
34.f3 g5
35.Kf1 Kf7
36.Ke2 h5
37.Kd3 Nd5c7
38.Ke2 Nc7e6
39.Nd4c2 g4
40.Rb3d3 Ke7
41.Rd3d6 a5
42.Re1d1 axb4
43.axb4 Rc8c7
44.Rd6b6 Ne6g5
45.Rb6xb5 Rf6a6
46.Rd1d5 Ra6a2
47.Rd5xg5 Ra2xc2
48.Kf1 Kf6
49.Rg5xh5 gxf3
50.Rb5b6 Kg7
51.gxf3 Rc2f2
52.Ke1 Rf2xf3
53.h4 Rf3h3
54.Ke2 Rc7e7
55.Rh5g5 Kh7
56.Rg5h5 Kg7
57.c6 f3
58.Kd3 e2
59.Rh5g5 Kh7
60.Rg5h5 Kg7
61.Rh5g5 Kf7
62.Rg5f5 Kg7
63.Rf5g5 Kh7
64.Rg5h5 Kg7
65.Rh5g5 { draw }
1/2-1/2

[Event "Tourn. n10057"]
[Site "www.echecsemail.com"]
[Date "2019.02.16"]
[Round "1"]
[White "Picifarkinca"]
[Black "Bojan"]
[WhiteElo "1990"]
[BlackElo "1910"]
[Result "1-0"]
[Round "1"]
1.e4 e5
2.f4 Bf8c5
3.Ng1f3 exf4
4.d4 Bc5b6
5.Bc1xf4 d6
6.Nb1c3 h6
7.Bf1c4 Ng8f6
8.O-O Nf6h5
9.Bf4e3 g6
10.Kh1 Bc8e6
11.Nc3d5 Bb6a5
12.Qd1e2 c6
13.Nd5f4 Nh5xf4
14.Be3xf4 d5
15.exd5 cxd5
16.Bc4b5 Nb8d7
17.Nf3e5 Kf8
18.Ne5xg6 Kg7
19.Ng6xh8 Qd8xh8
20.Bb5xd7 Qh8g8
21.Bd7xe6 fxe6
22.Bf4e5 Kh7
23.Qe2d3 Qg8g6
24.Rf1f7 { resign }
1-0

[Event "Tourn. n10050"]
[Site "www.echecsemail.com"]
[Date "2019.02.17"]
[Round "1"]
[White "Bojan"]
[Black "Passaroa25"]
[WhiteElo "1880"]
[BlackElo "1710"]
[Result "1-0"]
[Round "1"]
1.e4 Nb8c6
2.b3 e5
3.Bc1b2 Ng8e7
4.Bf1c4 d5
5.exd5 Nc6d4
6.h3 Bc8f5
7.Nb1a3 Ne7g6
8.Bb2xd4 exd4
9.Na3b5 Bf8c5
10.Ng1f3 O-O
11.Nb5xd4 Bf5e4
12.c3 Ng6f4
13.g3 Nf4g6
14.O-O Be4xd5
15.Bc4d3 Qd8d6
16.c4 Bd5xf3
17.Nd4xf3 Bc5d4
18.Nf3xd4 Qd6xd4
19.Bd3f5 Rf8d8
20.d3 h6
21.Rf1e1 Kf8
22.Re1e4 Qd4f6
23.Bf5g4 Ng6e7
24.Ra1c1 c5
25.Rc1c2 b6
26.Rc2e2 Ne7c6
27.Re4f4 Qf6d6
28.Re2e3 Nc6e5
29.Bg4e2 g5
30.Rf4f5 Rd8e8
31.Be2h5 Ke7
32.f4 Re8f8
33.Re3xe5 Kd7
34.Re5d5 Qd6xd5
35.Rf5xd5 Ke6
36.Qd1e2 Kf6
37.Qe2e5 
1-0

[Event "Tourn. n10064"]
[Site "www.echecsemail.com"]
[Date "2019.02.17"]
[Round "1"]
[White "Scasan55"]
[Black "Mitja"]
[WhiteElo "1990"]
[BlackElo "1960"]
[Result "0-1"]
[Round "1"]
1.e4 d5
2.exd5 Qd8xd5
3.Nb1c3 Qd5d8
4.d4 e6
5.Ng1f3 h6
6.Bf1d3 c6
7.Bc1f4 b6
8.O-O Bc8b7
9.Bd3e4 Ng8f6
10.Rf1e1 Nf6xe4
11.Nc3xe4 Nb8d7
12.Bf4d6 Bf8e7
13.Bd6xe7 Qd8xe7
14.Qd1d3 Nd7f6
15.c4 O-O
16.Ra1c1 Nf6xe4
17.Re1xe4 Ra8d8
18.Rc1d1 f5
19.Re4e2 Qe7f6
20.Nf3e5 c5
21.Qd3a3 Rd8xd4
22.Rd1xd4 cxd4
23.Qa3g3 Rf8d8
24.Ne5d3 Bb7e4
25.Nd3f4 d3
26.Re2d2 Qf6d4
27.Nf4xe6 Qd4xc4
28.Qg3c7 Qc4xc7
29.Ne6xc7 Rd8c8
30.Nc7b5 Rc8c1
{ resign }
0-1

[Event "Tourn. n9998"]
[Site "www.echecsemail.com"]
[Date "2019.02.17"]
[Round "1"]
[White "Bevittsmith"]
[Black "Scasan55"]
[WhiteElo "2200"]
[BlackElo "2000"]
[Result "1-0"]
[Round "1"]
1.e4 c5
2.Ng1f3 d6
3.d4 cxd4
4.Nf3xd4 Ng8f6
5.Nb1c3 a6
6.Bf1e2 e6
7.Bc1e3 Bf8e7
8.O-O O-O
9.Qd1d2 Qd8c7
10.Ra1d1 Nb8c6
11.f4 Nc6xd4
12.Be3xd4 b5
13.Be2f3 Ra8b8
14.Nc3e2 Bc8b7
15.Ne2g3 Rf8d8
16.Kh1 Rb8c8
17.c3 h6
18.Qd2f2 Qc7a5
19.Bd4b6 Qa5xa2
20.Bb6xd8 Rc8xd8
21.Rd1a1 Qa2b3
22.Rf1d1 Qb3c4
23.Rd1d4 Qc4c5
24.Ra1d1 Nf6h7
25.e5 d5
26.Ng3e2 Qc5b6
27.Qf2g3 b4
28.c4 a5
29.cxd5 Be7c5
30.dxe6 Bc5xd4
31.exf7 Kxf7
32.Bf3xb7 Bd4f2
33.Qg3b3 Kf8
34.Rd1xd8 Qb6xd8
35.Qb3d5 Qd8xd5
36.Bb7xd5 Ke7
37.g3 Nh7f8
38.Kg2 Bf2c5
39.Kf3 Nf8d7
40.Ne2c1 Bc5d4
41.Nc1d3 Nd7b6
42.Bd5c6 Nb6c4
43.Ke4 Bd4xb2
44.Nd3xb2 Nc4d2
45.Kf5 Nd2f1
46.Kg6 Nf1xh2
47.Kxg7 Nh2f1
48.g4 Nf1e3
49.Bc6f3 Ke6
50.Kxh6 { resign }
1-0

[Event "Match"]
[Site "www.echecsemail.com"]
[Date "2019.02.17"]
[Round "1"]
[White "Fegatux"]
[Black "Micheles"]
[WhiteElo "2170"]
[BlackElo "2480"]
[Result "0-1"]
[Round "1"]
1.e4 c6
2.d4 d5
3.e5 Bc8f5
4.Ng1f3 e6
5.Bf1e2 Nb8d7
6.O-O Ng8e7
7.Nf3h4 Bf5g6
8.Nb1d2 Ne7f5
9.Nh4xf5 Bg6xf5
10.Nd2f3 Bf8e7
11.Bc1e3 O-O
12.Nf3e1 Qd8b6
13.Ne1d3 Rf8c8
14.b4 Qb6c7
15.a4 Bf5xd3
16.Be2xd3 Be7xb4
17.Ra1b1 c5
18.Qd1h5 g6
19.Qh5h4 Bb4c3
20.f4 cxd4
21.Be3c1 Nd7c5
22.Bd3e2 b6
23.g4 d3
24.cxd3 Bc3d4
25.Kh1 Nc5xa4
26.f5 Qc7xe5
27.Be2f3 Na4c3
28.Rb1a1 Nc3e2
{ resign }
0-1

[Event "Match"]
[Site "www.echecsemail.com"]
[Date "2019.02.17"]
[Round "1"]
[White "Stevep84"]
[Black "Comrade"]
[WhiteElo "2280"]
[BlackElo "2300"]
[Result "1-0"]
[Round "1"]
1.e4 c5
2.Ng1f3 Nb8c6
3.d4 cxd4
4.Nf3xd4 Ng8f6
5.Nb1c3 e5
6.Nd4b5 d6
7.Bc1g5 a6
8.Nb5a3 Bf8e7
9.Na3c4 Nf6g8
10.Bg5xe7 Ng8xe7
11.Nc4xd6 Kf8
12.Nd6xc8 Ra8xc8
13.Qd1d3 Nc6b4
14.Qd3xd8 { resign }
1-0

[Event "Tourn. n10066"]
[Site "www.echecsemail.com"]
[Date "2019.02.17"]
[Round "1"]
[White "Coolant"]
[Black "Dougbeer"]
[WhiteElo "2320"]
[BlackElo "2550"]
[Result "0-1"]
[Round "1"]
1.e4 e6
2.d4 d5
3.exd5 exd5
4.Bf1d3 c5
5.Nb1c3 Nb8c6
6.Bd3b5 cxd4
7.Qd1xd4 Ng8f6
8.Bc1g5 Bf8e7
9.Bg5xf6 Be7xf6
10.Qd4e3 Bc8e6
11.O-O-O O-O
12.Bb5xc6 bxc6
13.Ng1e2 Rf8e8
14.Qe3c5 Be6d7
15.Rh1e1 Qd8b8
16.Ne2g3 Qb8f4
17.Kb1 Re8xe1
18.Rd1xe1 Bf6d4
19.Qc5e7 Bd4xc3
20.bxc3 Bd7e6
21.Qe7c5 Qf4d2
{ resign }
0-1

[Event "Tourn. n10039"]
[Site "www.echecsemail.com"]
[Date "2019.02.17"]
[Round "1"]
[White "Pariolinius"]
[Black "Passaroa25"]
[WhiteElo "1800"]
[BlackElo "1710"]
[Result "1-0"]
[Round "1"]
1.e4 Nb8c6
2.d4 d6
3.Ng1f3 f6
4.Bf1c4 e6
5.Nb1c3 Nc6a5
6.Bc4d3 Ng8e7
7.O-O Bc8d7
8.b4 Na5c6
9.Bc1e3 Ne7g6
10.a3 Bf8e7
11.Qd1d2 O-O
12.Ra1b1 a6
13.e5 dxe5
14.Bd3xg6 hxg6
15.Nc3e4 f5
16.Ne4g5 Be7xg5
17.Be3xg5 Qd8e8
18.Nf3xe5 Nc6xe5
19.dxe5 c6
20.c4 Rf8f7
21.c5 Kf8
22.f4 Qe8c8
23.Rf1f3 Qc8c7
24.Rf3h3 Kg8
25.Rb1d1 Kf8
26.Rh3h8 
1-0

[Event "Tourn. n10039"]
[Site "www.echecsemail.com"]
[Date "2019.02.17"]
[Round "1"]
[White "Pariolinius"]
[Black "Picifarkinca"]
[WhiteElo "1800"]
[BlackElo "1960"]
[Result "0-1"]
[Round "1"]
1.c4 Ng8f6
2.Nb1c3 e6
3.g3 Bf8e7
4.Bf1g2 c5
5.e4 d6
6.Ng1e2 Nb8c6
7.d3 O-O
8.O-O Bc8d7
9.Bc1f4 e5
10.Bf4e3 Nf6g4
11.Be3d2 Bd7e6
12.h3 Ng4f6
13.a3 Qd8d7
14.Nc3b5 a6
15.Nb5c3 Rf8b8
16.Nc3a4 b5
17.Na4c3 bxc4
18.Qd1c2 cxd3
19.Qc2xd3 Rb8xb2
20.Nc3a4 Rb2b3
21.Bd2c3 Nc6d4
22.Ne2xd4 cxd4
23.Rf1b1 Qd7xa4
24.Bc3b4 Rb3xd3
{ resign }
0-1

[Event "Tourn. n10048"]
[Site "www.echecsemail.com"]
[Date "2019.02.18"]
[Round "1"]
[White "Cathar"]
[Black "Francesco"]
[WhiteElo "2140"]
[BlackElo "2050"]
[Result "0-1"]
[Round "1"]
1.e4 e5
2.Ng1f3 Ng8f6
3.Nf3xe5 d6
4.Ne5xf7 Kxf7
5.Nb1c3 Bf8e7
6.Bf1c4 Bc8e6
7.Bc4xe6 Kxe6
8.Qd1e2 Nb8c6
9.Qe2c4 Kd7
10.d4 Qd8g8
11.Qc4d3 Ra8e8
12.Qd3h3 Kd8
13.Bc1e3 g5
14.e5 dxe5
15.dxe5 Nc6xe5
16.O-O-O Nf6d7
17.Qh3f5 Re8f8
18.Qf5xe5 Be7f6
19.Rd1xd7 Kxd7
20.Qe5f5 Ke8
21.Rh1d1 Bf6e7
22.Qf5d7 Kf7
23.Nc3e4 Rf8d8
24.Qd7f5 Ke8
25.Rd1e1 Qg8xa2
26.c3 Qa2a1
27.Kc2 Qa1xe1
{ resign }
0-1

[Event "Tourn. n10057"]
[Site "www.echecsemail.com"]
[Date "2019.02.18"]
[Round "1"]
[White "Amaya"]
[Black "Picifarkinca"]
[WhiteElo "2040"]
[BlackElo "1990"]
[Result "0-1"]
[Round "1"]
1.d4 d5
2.e3 Ng8f6
3.Bf1d3 e6
4.Nb1d2 c5
5.c3 Nb8c6
6.f4 cxd4
7.cxd4 Bf8b4
8.Ng1f3 Nf6e4
9.O-O f5
10.Nf3e5 Nc6xe5
11.fxe5 Bc8d7
12.Qd1h5 g6
13.Qh5f3 O-O
14.Nd2b3 Ra8c8
15.a3 Bb4e7
16.Qf3h3 Bd7a4
17.Nb3d2 Ba4c2
18.Bd3xe4 dxe4
19.Nd2b1 Bc2d3
20.Nb1d2 Bd3xf1
21.Nd2xf1 Rc8c2
22.Ra1b1 Qd8c7
23.Bc1d2 Rc2xd2
24.Nf1xd2 Qc7c2
{ resign }
0-1

[Event "Tourn. n10064"]
[Site "www.echecsemail.com"]
[Date "2019.02.18"]
[Round "1"]
[White "Picifarkinca"]
[Black "Fabos12"]
[WhiteElo "2030"]
[BlackElo "1990"]
[Result "1-0"]
[Round "1"]
1.e4 e5
2.Ng1f3 Nb8c6
3.Bf1b5 Ng8e7
4.c3 a6
5.Bb5a4 h6
6.O-O b5
7.Ba4b3 Bc8b7
8.Rf1e1 Ra8c8
{ time. }
1-0

[Event "Match"]
[Site "www.echecsemail.com"]
[Date "2019.02.18"]
[Round "1"]
[White "Ericleo1980"]
[Black "Souricette64"]
[WhiteElo "1930"]
[BlackElo "1799"]
[Result "0-1"]
[Round "1"]
1.e4 c5
2.Ng1f3 Nb8c6
3.d4 cxd4
4.Nf3xd4 g6
5.Nb1c3 Bf8g7
6.Bc1e3 Ng8f6
7.Bf1c4 O-O
8.Bc4b3 a5
9.a4 Nf6g4
10.Qd1xg4 { time. }
0-1

[Event "Tourn. n10066"]
[Site "www.echecsemail.com"]
[Date "2019.02.18"]
[Round "1"]
[White "Szustan"]
[Black "Coolant"]
[WhiteElo "2540"]
[BlackElo "2320"]
[Result "1-0"]
[Round "1"]
1.e4 c5
2.c3 d5
3.exd5 Qd8xd5
4.d4 g6
5.Ng1f3 Bc8g4
6.Bf1e2 Bf8g7
7.h3 Bg4f5
8.O-O cxd4
9.Nf3xd4 Bf5xb1
10.Qd1a4 Nb8d7
11.Ra1xb1 Ng8f6
12.Be2f3 Qd5c5
13.Bf3xb7 Ra8b8
14.Bb7c6 Rb8d8
15.Bc1e3 { resign }
1-0

[Event "1/128 Finale"]
[Site "www.chess-mail.com"]
[Date "2019.02.18"]
[Round "1"]
[White "Szustan"]
[Black "Eugenius"]
[WhiteElo "2540"]
[BlackElo "1499"]
[Result "1-0"]
[Round "1"]
1.e4 e5
2.Ng1f3 Nb8c6
3.Nb1c3 Ng8f6
4.d4 exd4
5.Nc3d5 Bf8e7
6.Bf1c4 O-O
7.O-O d6
8.Nf3xd4 Nc6xd4
9.Qd1xd4 Nf6xd5
10.Bc4xd5 Be7f6
11.Qd4d3 c6
12.Bd5b3 Rf8e8
13.c3 Bc8e6
14.Bc1e3 Be6xb3
15.axb3 a6
16.Ra1d1 Qd8e7
17.Rf1e1 Qe7xe4
18.Qd3xe4 Re8xe4
19.Rd1xd6 { resign }
1-0

[Event "Tourn. n10071"]
[Site "www.echecsemail.com"]
[Date "2019.02.19"]
[Round "1"]
[White "Balbyns"]
[Black "Amaya"]
[WhiteElo "2150"]
[BlackElo "2090"]
[Result "1-0"]
[Round "1"]
1.e4 e6
2.d4 d5
3.e5 c5
4.c3 c4
5.Ng1f3 f6
6.Nb1d2 fxe5
7.Nf3xe5 Ng8f6
8.g3 Bf8e7
9.Qd1c2 Nb8c6
10.Nd2f3 O-O
11.Bf1g2 Nf6e4
12.Ne5xc6 bxc6
13.Nf3e5 c5
14.Bg2xe4 dxe4
15.Qc2xe4 Bc8d7
16.O-O Ra8b8
17.d5 Be7f6
18.Ne5xd7 Qd8xd7
19.dxe6 Qd7e7
20.Qe4xc4 Rb8b6
21.Bc1e3 Qe7xe6
22.Qc4xe6 Rb6xe6
23.Be3xc5 Rf8a8
24.Ra1d1 a6
25.Rf1e1 Ra8e8
26.Kf1 { resign }
1-0

[Event "Tourn. n10009"]
[Site "www.echecsemail.com"]
[Date "2019.02.19"]
[Round "1"]
[White "Passaroa25"]
[Black "Hansen"]
[WhiteElo "1660"]
[BlackElo "1680"]
[Result "1-0"]
[Round "1"]
1.Ng1f3 f6
2.Nb1c3 c6
3.d4 e6
4.e4 d5
5.Bc1d2 a6
6.Bf1e2 b5
7.Qd1b1 f5
8.Nf3e5 g6
9.f3 b4
10.Nc3a4 fxe4
11.f4 Qd8c7
12.Na4c5 a5
13.Bd2e3 Ng8f6
14.O-O Bf8h6
15.b3 Bh6g7
16.g4 h5
17.g5 Nf6g8
18.Ne5xg6 Rh8h7
19.Ng6h4 e5
20.Nh4g6 Kf7
21.Ng6xe5 Bg7xe5
22.dxe5 Ng8e7
23.Qb1b2 Ne7f5
24.Be3f2 e3
25.Bf2e1 d4
26.Be2c4 Ke7
27.e6 Qc7d6
28.Nc5e4 Qd6c7
29.Ne4f6 Rh7g7
30.Nf6xh5 c5
31.Nh5xg7 Nf5xg7
32.f5 Nb8c6
33.f6 Kf8
34.Be1g3 Qc7b7
35.fxg7 Kg8
36.Bg3d6 Qb7xg7
37.h4 Bc8b7
38.Bd6xc5 Ra8d8
39.Bc5f8 Qg7e5
40.c3 Rd8e8
41.e7 Kh7
42.Qb2c2 Kh8
43.Rf1f3 Nc6xe7
44.Kg2 Re8xf8
45.Ra1f1 Rf8g8
46.Rf1g1 e2
47.Bc4xe2 Ne7d5
48.Qc2d3 bxc3
49.Qd3b5 Rg8xg5
50.Kf2 Rg5g7
51.Rg1xg7 Qe5xg7
52.Qb5e8 Kh7
53.Rf3f7 { resign }
1-0

[Event "Tourn. n10062"]
[Site "www.echecsemail.com"]
[Date "2019.02.19"]
[Round "1"]
[White "Bojan"]
[Black "Fabos12"]
[WhiteElo "1990"]
[BlackElo "1980"]
[Result "1-0"]
[Round "1"]
1.e4 e5
2.Ng1f3 Nb8c6
3.b3 f6
4.Bc1b2 Bf8c5
5.Nb1c3 a6
6.Bf1c4 b5
7.Bc4xg8 Rh8xg8
8.Nc3e2 Bc8b7
9.c3 Nc6e7
10.Qd1c2 g6
11.d4 exd4
12.Nf3xd4 Bc5xd4
{ time. }
1-0

[Event "Match"]
[Site "www.echecsemail.com"]
[Date "2019.02.19"]
[Round "1"]
[White "Apdash"]
[Black "Fegatux"]
[WhiteElo "2230"]
[BlackElo "2130"]
[Result "0-1"]
[Round "1"]
1.e4 d6
2.d4 Ng8f6
3.Nb1c3 c6
4.Bf1d3 Qd8b6
5.Ng1e2 e6
6.O-O Bf8e7
7.Ne2f4 Qb6xd4
8.Bc1e3 Qd4b4
9.Ra1b1 O-O
10.a3 Qb4a5
11.Qd1e2 Qa5c7
12.f3 b5
13.g4 e5
14.Nf4g2 a5
15.h3 Nb8d7
16.f4 exf4
17.Be3xf4 Nd7e5
18.Bf4xe5 dxe5
19.Kh2 b4
20.axb4 axb4
21.Nc3d1 Bc8e6
22.Nd1e3 g6
23.Ne3c4 Rf8d8
24.Ng2e3 Ra8a2
25.b3 Nf6d7
26.Kg3 Nd7c5
27.Rb1a1 Ra2xa1
28.Rf1xa1 f5
29.gxf5 gxf5
30.exf5 e4
31.Kg2 exd3
32.Qe2g4 Kh8
33.Kh1 Be7f6
34.Ra1a5 dxc2
35.Ne3xc2 Be6d5
36.Kg1 Rd8g8
37.Qg4xg8 Bd5xg8
38.Ra5xc5 Qc7g3
{ resign }
0-1

[Event "Tourn. n10041"]
[Site "www.echecsemail.com"]
[Date "2019.02.19"]
[Round "1"]
[White "Coolant"]
[Black "Apdash"]
[WhiteElo "2250"]
[BlackElo "2230"]
[Result "1-0"]
[Round "1"]
1.c4 c5
2.Nb1c3 e6
3.g3 d5
4.cxd5 exd5
5.d4 Nb8c6
6.Ng1f3 Ng8f6
7.Bc1g5 cxd4
8.Nf3xd4 Bf8e7
9.Bf1g2 a6
10.O-O Bc8e6
11.Nd4xe6 fxe6
12.Bg5xf6 Be7xf6
13.e4 d4
14.Nc3e2 O-O
15.Qd1b3 Qd8d7
16.Ne2f4 Rf8e8
17.Bg2h3 Nc6d8
18.Nf4d3 Kh8
19.e5 Bf6g5
20.f4 Bg5h6
21.Ra1c1 g5
22.Nd3c5 Qd7d5
23.Bh3xe6 Qd5xb3
24.Be6xb3 Ra8c8
25.Nc5d3 Rc8xc1
26.Rf1xc1 gxf4
27.gxf4 Kg7
28.Rc1c7 Kg6
29.Kf2 Kf5
30.Kf3 Nd8e6
31.Bb3xe6 Re8xe6
32.Rc7xh7 Re6b6
33.Rh7f7 Kg6
34.Rf7d7 { resign }
1-0

[Event "Match"]
[Site "www.echecsemail.com"]
[Date "2019.02.19"]
[Round "1"]
[White "Ztornad"]
[Black "Chapi"]
[WhiteElo "1900"]
[BlackElo "2060"]
[Result "0-1"]
[Round "1"]
1.e4 c5
2.Bf1c4 Nb8c6
3.Nb1c3 g6
4.a3 Bf8g7
5.Nc3d5 Ng8f6
6.Nd5xf6 Bg7xf6
7.Ng1f3 O-O
8.d3 d6
9.O-O Nc6d4
10.Nf3xd4 Bf6xd4
11.c3 Bd4g7
12.Bc1e3 Bc8d7
13.d4 Qd8b6
14.b3 e6
15.dxc5 dxc5
16.Be3d2 Qb6d6
17.Qd1e2 Ra8d8
18.Ra1d1 Bd7c6
19.f3 Rd8d7
20.Bd2e3 Qd6e5
21.Rd1c1 Rf8d8
22.Bc4b5 Bc6xb5
23.c4 Bb5c6
24.g3 b6
25.Be3f4 Qe5b2
26.Qe2xb2 Bg7xb2
27.Rc1c2 Bb2xa3
28.Kg2 f5
29.Bf4g5 Rd8a8
30.Bg5d2 fxe4
31.Kh3 exf3
32.Bd2e3 Rd7d3
33.Be3h6 Rd3xb3
34.Bh6f4 Ba3b4
35.Bf4d2 Bb4xd2
36.Rc2xd2 e5
37.Rf1e1 e4
38.Kh4 e3
39.Rd2d6 f2
40.Re1f1 Bc6g2
41.Rf1d1 f1Q
42.Rd6d8 Ra8xd8
43.Rd1xd8 Kf7
44.Rd8d7 Ke6
45.Rd7xa7 Qf1f6
46.Kg4 h5

0-1

[Event "Tourn. n10039"]
[Site "www.echecsemail.com"]
[Date "2019.02.19"]
[Round "1"]
[White "Hansen"]
[Black "Pariolinius"]
[WhiteElo "1710"]
[BlackElo "1800"]
[Result "0-1"]
[Round "1"]
1.e4 c6
2.Ng1f3 d5
3.h3 dxe4
4.Nf3e5 Ng8f6
5.d4 Nb8d7
6.Bc1g5 e6
7.Nb1c3 Bf8e7
8.a3 Qd8b6
9.Nc3b5 cxb5
10.b4 O-O
11.h4 h6
12.Bg5f4 Nf6d5
13.Bf4d2 Qb6xd4
14.Bd2c3 Qd4xc3
15.Qd1d2 Qc3xa1
16.Ke2 Qa1xe5
17.g3 Qe5c3
18.Bf1g2 Qc3xd2
19.Kxd2 Nd5b6
20.Bg2xe4 Nd7f6
21.Be4f3 Nb6c4
22.Ke2 Nc4xa3
23.g4 Na3xc2
24.g5 Nc2d4
25.Ke3 Nd4xf3
26.Kxf3 hxg5
27.hxg5 Nf6d5
28.Kg4 e5
29.Kh4 g6
30.Rh1d1 Nd5xb4
31.Rd1b1 Nb4d3
32.Rb1xb5 Be7d6
33.Rb5d5 Nd3xf2
34.Rd5xd6 Bc8e6
{ resign }
0-1

[Event "Tourn. n10059"]
[Site "www.echecsemail.com"]
[Date "2019.02.19"]
[Round "1"]
[White "Panham"]
[Black "Bojan"]
[WhiteElo "2250"]
[BlackElo "2020"]
[Result "0-1"]
[Round "1"]
1.e4 e6
2.d4 b6
3.Ng1f3 Bc8b7
4.Nb1c3 h6
5.Bf1e2 Bf8b4
6.d5 exd5
7.exd5 Qd8f6
8.O-O Bb4xc3
9.bxc3 Qf6xc3
10.Bc1f4 d6
11.Rf1e1 Kd8
12.Be2b5 { time. }
0-1

[Event "Tourn. n10059"]
[Site "www.echecsemail.com"]
[Date "2019.02.20"]
[Round "1"]
[White "Aiko1603"]
[Black "Panham"]
[WhiteElo "2170"]
[BlackElo "2250"]
[Result "1-0"]
[Round "1"]
1.c4 c6
2.Nb1c3 Ng8f6
3.g3 d5
4.cxd5 cxd5
5.d4 Bc8f5
6.Bf1g2 e6
7.Ng1f3 Bf8d6
8.Bc1g5 Nb8d7
9.O-O O-O
10.a3 Qd8c7
11.Ra1c1 Ra8c8
12.Nc3xd5 Qc7xc1
13.Bg5xc1 Nf6xd5
14.Qd1a4 Bd6b8
15.Qa4xd7 { resign }
1-0

[Event "Tourn. n10033"]
[Site "www.echecsemail.com"]
[Date "2019.02.20"]
[Round "1"]
[White "Foxy100"]
[Black "Numanoid"]
[WhiteElo "2430"]
[BlackElo "2740"]
[Result "1/2-1/2"]
[Round "1"]
1.e4 e6
2.d4 d5
3.Nb1d2 Ng8f6
4.e5 Nf6d7
5.c3 c5
6.Bf1d3 Nb8c6
7.Nd2f3 cxd4
8.cxd4 f6
9.exf6 Nd7xf6
10.Ng1e2 Bf8d6
11.O-O Qd8c7
12.g3 O-O
13.Bc1f4 Nf6g4
14.Ra1c1 Bd6xf4
15.Ne2xf4 Rf8xf4
16.gxf4 Qc7xf4
17.Bd3e2 Ng4f6
18.Rf1e1 Qf4g4
19.Kf1 Qg4h3
20.Kg1 Qh3g4
21.Kf1 Bc8d7
22.Nf3e5 Qg4h4
23.Ne5xd7 Nf6xd7
24.Be2g4 Ra8f8
25.Bg4xe6 Kh8
26.Rc1c2 Nd7f6
27.f4 Nf6e4
28.Kg1 Qh4xf4
29.Re1f1 Qf4e3
30.Kg2 Rf8d8
31.Rf1e1 Qe3h6
32.Be6f5 Nc6xd4
33.Qd1xd4 Qh6g5
34.Kh1 Qg5xf5
35.Rc2g2 Rd8d7
36.Qd4xa7 Rd7f7
37.Kg1 h6
{ draw }
1/2-1/2

[Event "Tourn. n10054"]
[Site "www.echecsemail.com"]
[Date "2019.02.20"]
[Round "1"]
[White "Jackbauer"]
[Black "Cal"]
[WhiteElo "1840"]
[BlackElo "1870"]
[Result "1-0"]
[Round "1"]
1.e4 e5
2.f4 exf4
3.Ng1f3 a6
4.Bf1c4 Nb8c6
5.a3 h6
6.O-O Ng8f6
7.Nb1c3 Bf8c5
8.d4 Bc5a7
9.e5 Nf6h7
10.Bc1xf4 O-O
11.Bc4d3 d6
12.Kh1 Bc8g4
13.Bd3xh7 Kxh7
14.Qd1d3 g6
15.Ra1e1 Bg4xf3
16.Rf1xf3 dxe5
17.Bf4xe5 Qd8g5
18.Be5f6 Qg5xf6
19.Rf3xf6 Ra8d8
20.Re1e4 Ba7xd4
21.Rf6xc6 Bd4f6
22.Qd3f1 bxc6
23.Qf1xf6 Rd8d6
24.Qf6e7 Rd6d8
25.Re4f4 Rd8e8
26.Rf4xf7 Rf8xf7
27.Qe7xf7 { resign }
1-0

[Event "Tourn. n9940"]
[Site "www.echecsemail.com"]
[Date "2019.02.20"]
[Round "1"]
[White "Greghghs"]
[Black "Jaroslavpech"]
[WhiteElo "2510"]
[BlackElo "2470"]
[Result "1/2-1/2"]
[Round "1"]
1.e4 c5
2.Ng1f3 Nb8c6
3.d4 cxd4
4.Nf3xd4 Ng8f6
5.Nb1c3 e5
6.Nd4b5 d6
7.Bc1g5 a6
8.Nb5a3 b5
9.Bg5xf6 gxf6
10.Nc3d5 f5
11.Bf1d3 Bc8e6
12.O-O Be6xd5
13.exd5 Nc6e7
14.Rf1e1 Bf8g7
15.c3 O-O
16.Na3c2 Qd8d7
17.Bd3f1 a5
18.Qd1d3 Rf8b8
19.Ra1d1 b4
20.b3 bxc3
21.Qd3xc3 Rb8c8
22.Bf1c4 a4
23.Qc3h3 Ra8b8
24.Nc2e3 axb3
25.Bc4xb3 Rc8c3
26.Bb3c2 Rb8d8
27.Qh3h5 e4
28.g3 Rd8c8
29.Bc2b3 Rc3c5
30.Kh1 Rc5c7
31.Re1f1 Rc7c3
32.Qh5e2 Ne7g6
33.Qe2h5 Ng6e7
34.Qh5e2 Ne7g6
35.Qe2h5 { draw }
1/2-1/2

[Event "Tourn. n9982"]
[Site "www.echecsemail.com"]
[Date "2019.02.20"]
[Round "1"]
[White "Tartan"]
[Black "Numanoid"]
[WhiteElo "2610"]
[BlackElo "2620"]
[Result "0-1"]
[Round "1"]
1.e4 e6
2.d4 d5
3.Nb1c3 Bf8b4
4.e5 c5
5.a3 Bb4xc3
6.bxc3 Ng8e7
7.Qd1g4 O-O
8.Bf1d3 Nb8c6
9.Ng1f3 f5
10.exf6 Rf8xf6
11.Bc1g5 Rf6f7
12.Qg4h4 h6
13.Bg5xe7 Qd8xe7
14.Qh4xe7 Rf7xe7
15.dxc5 e5
16.Nf3d2 e4
17.Bd3b5 Nc6e5
18.Nd2b3 Bc8g4
19.h3 Bg4h5
20.Bb5e2 Ne5d3
21.cxd3 exd3
22.Nb3d4 Bh5xe2
23.Kd2 Ra8c8
24.Nd4b3 Re7e6
25.Rh1b1 Re6f6
26.f3 Rf6g6
27.g4 Be2xf3
28.Nb3d4 Bf3e4
29.Rb1xb7 Rc8xc5
30.Rb7xa7 Rg6b6
31.Ra1a2 Rc5c8
32.Nd4f5 Rc8b8
33.Ke3 Rb6b2
34.Ra2xb2 Rb8xb2
{ resign }
0-1

[Event "1/16 Finale"]
[Site "www.chess-mail.com"]
[Date "2019.02.20"]
[Round "1"]
[White "Destructor"]
[Black "Paulsyd"]
[WhiteElo "2540"]
[BlackElo "2690"]
[Result "0-1"]
[Round "1"]
1.e4 e5
2.Ng1f3 Nb8c6
3.Bf1c4 Ng8f6
4.Nf3g5 d5
5.exd5 Nc6a5
6.Bc4b5 c6
7.dxc6 bxc6
8.Qd1f3 Bf8e7
9.Bb5d3 O-O
10.Nb1c3 h6
11.Ng5e4 Nf6d5
12.Ne4g3 Nd5b4
13.Ng3f5 Be7g5
14.h4 Nb4xd3
15.cxd3 Bg5e7
16.b3 Bc8xf5
17.Qf3xf5 c5
18.Bc1b2 Na5c6
19.Kf1 Nc6d4
20.Qf5xe5 Be7f6
 { time }
0-1

[Event "1/128 Finale"]
[Site "www.chess-mail.com"]
[Date "2019.02.20"]
[Round "1"]
[White "Odin"]
[Black "Picifarkinca"]
[WhiteElo "1930"]
[BlackElo "1990"]
[Result "1/2-1/2"]
[Round "1"]
1.e4 e5
2.Ng1f3 Nb8c6
3.d4 exd4
4.Nf3xd4 Bf8c5
5.Nd4f5 Qd8f6
6.Bf1c4 d6
7.a3 Bc8xf5
8.exf5 Qf6xf5
9.O-O Ng8e7
10.Bc1e3 Bc5b6
11.Be3xb6 axb6
12.Nb1c3 O-O
13.Rf1e1 Ne7g6
14.Nc3d5 Nc6e5
15.Nd5xc7 Ra8c8
16.Qd1xd6 Ne5xc4
{ draw }
1/2-1/2

[Event "Tourn. n10071"]
[Site "www.echecsemail.com"]
[Date "2019.02.21"]
[Round "1"]
[White "Amaya"]
[Black "Estonia"]
[WhiteElo "2090"]
[BlackElo "2010"]
[Result "1-0"]
[Round "1"]
1.d4 Ng8f6
2.e3 e6
3.Bf1d3 d5
4.Nb1d2 c5
5.c3 Nb8c6
6.f4 cxd4
7.cxd4 Bf8b4
8.Ng1f3 Qd8c7
9.O-O Bc8d7
10.Nf3e5 Nc6xe5
11.fxe5 Nf6e4
12.Nd2xe4 dxe4
13.Bd3xe4 Bd7c6
14.Qd1c2 Ra8c8
15.Be4xh7 g6
16.Bh7xg6 fxg6
17.Qc2xg6 Kd8
18.Rf1f7 Bc6d7
19.Qg6f6 Bb4e7
20.Qf6xh8 Bd7e8
21.Bc1d2 Qc7c2
22.Bd2c3 Qc2g6
23.Rf7g7 Qg6e4
24.Rg7xe7 Qe4xe3
25.Kh1 Kxe7
26.Qh8g7 Be8f7
27.Bc3b4 Ke8
28.Qg7f8 Kd7
29.Qf8xf7 Kc6
30.Qf7xe6 Kb5
31.Qe6xc8 b6
32.Qc8c3 Qe3e2
33.a4 Ka6
34.Qc3c8 
1-0